Statistiken für Länderumrisse auf einer Weltkarte #4

Klicken Sie hier um das Quiz zu spielen!

Allgemein

  • Dieses Quiz wurde 3,694 mal gespielt
  • Das Durchschnittsergebnis liegt bei 18 aus 20

Antwortstatistiken

Land % Korrekt
Vereinigte Staaten
100%
Frankreich
99%
Argentinien
98%
Tschechien
98%
Ukraine
97%
Ägypten
97%
Marokko
96%
Südkorea
96%
Peru
95%
Irak
92%
Philippinen
90%
Serbien
90%
Malaysia
86%
Niger
85%
Turkmenistan
81%
Bhutan
81%
Kenia
80%
Simbabwe
73%
Guinea
71%
Gabun
68%

Verteilung der Resultate

Perzentil nach korrekt beantworteten Fragen

Anzahl Personen mit jedem Resultat

Ihre Resultats-Entwicklung

Sie haben dieses Quiz noch nicht gespielt